Como aprendemos a leer (Registro nro. 182686)
[ vista simple ]
| 000 -ENCABEZADO | |
|---|---|
| Número de control [NR] | 01051cam a2200301 4500 |
| 005 - FECHA Y HORA DE LA ÚLTIMA TRANSACCIÓN | |
| control field | 20211029093400.0 |
| 008 - DE LONGITUD FIJA DE DATOS DE ELEMENTOS - INFORMACIÓN GENERAL | |
| Elementos de longitud fija [NR] | 081121s2008 sp ad frn 001 0dspa d |
| 020 ## - NUMERO INTERNACIONAL NORMALIZADO PARA LIBROS [R] | |
| Número Internacional Normalizado del libro [NR] | 9788466638357 |
| 040 ## - FUENTE DE CATALOGACION [NR] | |
| Agencia de catalogación original [NR] | COBoUCM |
| Idioma de catalogación [NR] | spa |
| Quien Cataloga | |
| Quien Clasifica | |
| 041 00 - CODIGO DE IDIOMA [R] | |
| Código de idioma para texto/pista de sonido o título separado [R] | Español |
| 080 ## - NUMERO DE CLASIFICACION DECIMAL UNIVERSAL (CDU) [R] | |
| Número de la Clasificación Decimal Universal [NR] | 616.89-008.434.5 |
| 100 1# - ASIENTO PRINCIPAL--NOMBRE PERSONAL [NR] | |
| Nombre personal [NR] | Wolf, Maryanne |
| ID Autoridad | 53596 |
| 245 10 - MENCION DE TITULO [NR] | |
| Título [NR] | Como aprendemos a leer |
| Mención de responsabilidad, etc. [NR] | Maryanne Wolf ; traducción de Martín Rodríguez-Courel |
| 260 ## - PUBLICACION, DISTRIBUCION, ETC. (PIE DE IMPRENTA) [R] | |
| Lugar de publicación, distribución, etc. [R] | Barcelona (España) |
| Nombre del editor, distribuidor, etc. [R] | Ediciones B |
| Fecha de publicación, distribución, etc. [R] | 2008 |
| 300 ## - DESCRIPCION FISICA [R] | |
| Extensión [R] | 335 páginas |
| Otros detalles físicos [NR] | ilustraciones y gráficas |
| 490 0# - MENCION DE SERIE [R] | |
| Mención de serie [R] | No ficción. Divulgación |
| 500 ## - NOTA GENERAL [R] | |
| Nota general [NR] | Incluye índice |
| 650 #4 - ASIENTO SECUNDARIO DE MATERIA - TERMINO TEMATICO [R] | |
| Término temático o nombre geográfico como elemento de entrada [NR] | Comprensión lectora |
| 9 (RLIN) | 53597 |
| 650 #7 - ASIENTO SECUNDARIO DE MATERIA - TERMINO TEMATICO [R] | |
| Término temático o nombre geográfico como elemento de entrada [NR] | Cerebro |
| Subdivisión general [R] | Evolución |
| 9 (RLIN) | 53598 |
| 650 #7 - ASIENTO SECUNDARIO DE MATERIA - TERMINO TEMATICO [R] | |
| Término temático o nombre geográfico como elemento de entrada [NR] | Dislexia |
| 9 (RLIN) | 13415 |
| 650 #7 - ASIENTO SECUNDARIO DE MATERIA - TERMINO TEMATICO [R] | |
| Término temático o nombre geográfico como elemento de entrada [NR] | Psicología de la lectura |
| 9 (RLIN) | 22811 |
| 650 #7 - ASIENTO SECUNDARIO DE MATERIA - TERMINO TEMATICO [R] | |
| Término temático o nombre geográfico como elemento de entrada [NR] | Psicología del aprendizaje |
| 9 (RLIN) | 22817 |
| 690 ## - ASUNTO AGREGADO LOCAL DE ENTRADA - TÉRMINO TEMÁTICO (OCLC, RLIN) | |
| Acceso temático local | Psicología |
| 9 (RLIN) | 8001 |
| 700 1# - ASIENTO SECUNDARIO - NOMBRE PERSONAL [R] | |
| Nombre personal [NR] | Rodríguez-Courel, Martín |
| Término de relación [R] | traductor |
| 9 (RLIN) | 53599 |
| 765 0# - ASIENTO DE IDIOMA ORIGINAL [R] | |
| Asiento principal [NR] | Proust and the squid |
| 942 ## - ELEMENTOS DE ENTRADA AGREGADOS (KOHA) | |
| Tema principal | Psicología |
| Tipo de ítem principal el descrito en 300a | Libro |
| Edición | 1 |
| Parte restante de la signatura top. | W853 |
| Sistema de clasificación | DEWEY |
| Clasificación | 153.15 |
| Título oculto en OPAC | No |
| Fecha de último préstamo | Total préstamos | Total Renewals | Signatura topográfica | Código de barras | Última vez visto | Ejemplar | Costo de reposición | Price effective from | Tipo de ítem | Nota pública (OPAC) | Perdido | Sistema de clasificación | Dañado | No prestable | Tipo de ítem específico | Suprimido | Ubicación habitual | Ubicación actual | Localización | Fecha de creación | Proveedor | Forma de adquisición | Costo |
|---|---|---|---|---|---|---|---|---|---|---|---|---|---|---|---|---|---|---|---|---|---|---|---|
| 153.15 W853 | 100139626 | 05/12/2017 | Ej.1 | 38310.00 | 05/12/2013 | Libro | DEWEY | Libro | Bodega | Bodega | Préstamo 4 días después de solicitado | 05/12/2013 | 2 | Compra | 38310.00 | ||||||||
| 07/02/2019 | 4 | 6 | 153.15 W853 | 100139627 | 11/12/2025 | Ej.2 | 38310.00 | 05/12/2013 | Libro | Spot Psicología & Psiquiatría | DEWEY | Libro | Quinta de Mutis | Quinta de Mutis | 3er piso | 05/12/2013 | 2 | Compra | 38310.00 |